Impact of power transmission lines on property values: a case study (Record no. 19313)

MARC details
000 -LEADER
fixed length control field 01493cab a2200313 4500
001 - CONTROL NUMBER
control field A365
008 - FIXED-LENGTH DATA ELEMENTS--GENERAL INFORMATION
fixed length control field 090401t1992 xxu||||| |||| 00| 0 eng d
035 ## - SYSTEM CONTROL NUMBER
System control number (Sirsi) u28722
041 ## - LANGUAGE CODE
Language code of text/sound track or separate title eng
100 ## - MAIN ENTRY--PERSONAL NAME
Personal name Hsiang-te, Kung
245 ## - TITLE STATEMENT
Title Impact of power transmission lines on property values: a case study
260 ## - PUBLICATION, DISTRIBUTION, ETC.
Date of publication, distribution, etc. 1992
350 ## - PRICE (NR) (BK AM CF MU VM SE) [OBSOLETE]
Price 0
490 ## - SERIES STATEMENT
Series statement Appraisal Journal
Volume/sequential designation 60(3) July 1992, 413-418(6)
520 ## - SUMMARY, ETC.
Summary, etc. Studies have been conducted in an attempt to link electromagnetic radiation to some forms of cancer and other health risks. Each study has produced differing levels of evidence as to the validity of this theory. This research project endeavours to analyse the impact of power transmission lines on residential property values and the marketability of real estate in two US locations. Public knowledge of a possible connection between electromagnetic radiation and health risks such as cancer would probably have a profound effect on the real estate market for homes located in close proximity to power transmission lines. References. Journal abstract.
650 ## - SUBJECT ADDED ENTRY--TOPICAL TERM
Topical term or geographic name entry element ELECTRICITY
650 ## - SUBJECT ADDED ENTRY--TOPICAL TERM
Topical term or geographic name entry element ELECTROMAGNETIC FIELDS
650 ## - SUBJECT ADDED ENTRY--TOPICAL TERM
Topical term or geographic name entry element ELECTROMAGNETIC RADIATION
650 ## - SUBJECT ADDED ENTRY--TOPICAL TERM
Topical term or geographic name entry element HEALTH HAZARDS
650 ## - SUBJECT ADDED ENTRY--TOPICAL TERM
Topical term or geographic name entry element POWER LINES
650 ## - SUBJECT ADDED ENTRY--TOPICAL TERM
Topical term or geographic name entry element PROPERTY VALUES
650 ## - SUBJECT ADDED ENTRY--TOPICAL TERM
Topical term or geographic name entry element UNITED STATES
690 ## - LOCAL SUBJECT ADDED ENTRY--TOPICAL TERM (OCLC, RLIN)
Topical term or geographic name as entry element ENVIRONMENTAL AND LAND CONSULTANCY
690 ## - LOCAL SUBJECT ADDED ENTRY--TOPICAL TERM (OCLC, RLIN)
Topical term or geographic name as entry element OVERSEAS-NORTH AMERICA
690 ## - LOCAL SUBJECT ADDED ENTRY--TOPICAL TERM (OCLC, RLIN)
Topical term or geographic name as entry element RATING AND VALUATION
700 ## - ADDED ENTRY--PERSONAL NAME
Personal name Seagle, C.F.
942 ## - ADDED ENTRY ELEMENTS (KOHA)
Suppress in OPAC 0
948 ## - LOCAL PROCESSING INFORMATION (OCLC); SERIES PART DESIGNATOR (RLIN)
c (OCLC) 04/03/1997
Holdings
Withdrawn status Lost status Source of classification or shelving scheme Damaged status Not for loan Home library Current library Shelving location Date acquired Total Checkouts Full call number Barcode Date last seen Copy number Price effective from Koha item type
    Dewey Decimal Classification     London London Journal article 14/09/1999   A365 28722-1001 06/08/2019 1 06/08/2019 Journal article